| 000 | 00654nam a2200229Ia 4500 | ||
|---|---|---|---|
| 003 | OSt | ||
| 005 | 20250305151533.0 | ||
| 008 | 210210b1997 xxu||||| |||| 00| 0 eng d | ||
| 040 | _cAL | ||
| 041 | _aTulu | ||
| 082 | _aT894.1 VIVT | ||
| 100 |
_aVIVEKA RAI (B A) _9142810 _dವಿವೇಕ ರೈ (ಬಿ ಎ) |
||
| 245 |
_aTulu kabitagalu _bತುಳು ಕಬಿತಗಳು |
||
| 260 |
_aMangalagangothri _bShri Dharmasthala Manjunatheshvara Tulupitha _c1997 |
||
| 300 | _a52 | ||
| 650 |
_aTulu _9142811 |
||
| 650 |
_akabitagalu _9142812 |
||
| 690 |
_aTulu Poetry _9142813 |
||
| 700 |
_aRAJASHREE _9142814 |
||
| 906 | _a054264 | ||
| 942 |
_2ddc _cBK |
||
| 999 |
_c136882 _d136882 |
||